|
|
|
|
| LEADER |
00000nam0a2200000 4500 |
| 001 |
202305 |
| 005 |
20231031185322.0 |
| 010 |
|
|
|a 5230120304
|
| 035 |
|
|
|a (RuTPU)RU\TPU\book\220460
|
| 090 |
|
|
|a 202305
|
| 100 |
|
|
|a 20111010d1990 m y0rusy50 ca
|
| 101 |
0 |
|
|a rus
|
| 102 |
|
|
|a RU
|
| 105 |
|
|
|a a z 001zy
|
| 200 |
1 |
|
|a Синтез и анализ радиоэлектронных устройств и систем
|e межвузовский сборник научных трудов
|f Московский государственный институт радиотехники, электроники и автоматики (Технический университет) (МИРЭА); под ред. А. Ф. Котова
|
| 210 |
|
|
|a Москва
|c Изд-во МИРЭА
|d 1990
|
| 215 |
|
|
|a 111 с.
|c ил.
|
| 320 |
|
|
|a Библиография в конце статей
|
| 610 |
1 |
|
|a радиоэлектронные устройства
|
| 610 |
1 |
|
|a радиоэлектронные системы
|
| 610 |
1 |
|
|a синтез
|
| 610 |
1 |
|
|a анализ
|
| 610 |
1 |
|
|a помехоустойчивость
|
| 610 |
1 |
|
|a оптимизация
|
| 610 |
1 |
|
|a фильтрация
|
| 610 |
1 |
|
|a задачи
|
| 610 |
1 |
|
|a сигналы
|
| 610 |
1 |
|
|a обработка
|
| 675 |
|
|
|a 621.396.6.001.63
|v 3
|
| 702 |
|
1 |
|a Котов
|b А. Ф.
|4 340
|
| 712 |
0 |
2 |
|a Московский государственный институт радиотехники, электроники и автоматики (Технический университет) (МИРЭА)
|2 stltpush
|3 (RuTPU)RU\TPU\col\119
|
| 801 |
|
1 |
|a RU
|b 63413507
|c 20111010
|
| 801 |
|
2 |
|a RU
|b 63413507
|c 20111017
|g RCR
|
| 942 |
|
|
|c BK
|